Statistiques concernant Pays les plus proches de Chypre - 30 secondes sprint

Cliquez ici pour prendre le quiz!

Statistiques générales

  • Ce quiz a été pris 10 fois
  • Le résultat moyen est 8 sur 20

Statistiques - réponses

km pays % Correct
76Turquie
100%
264Grèce
88%
170Liban
63%
352Égypte
63%
103Syrie
50%
228Israël
50%
846Bulgarie
38%
999Roumanie
38%
756Libye
38%
893Iran
38%
471Arabie Saoudite
38%
463Irak
38%
291Jordanie
38%
1070Macédoine
25%
1158Albanie
25%
1079Azerbaïdjan
13%
935Arménie
13%
887Géorgie
13%
288Palestine
13%
970Russie
0%

Distribution des résultats

Percentile by Number Answered

% des personnes avec chaque résultat

Votre développement - résultats

Vous n’avez pas pris ce quiz